| 000 | 01114cam a2200205 4500 | ||
|---|---|---|---|
| 001 | ABS62365 | ||
| 008 | 000000n2000 000 0 eng u | ||
| 035 | _a(Sirsi) u106349 | ||
| 100 | _aCrow, Stephen | ||
| 245 | _aPlanning: here's the gain plan | ||
| 260 | _c2000 | ||
| 490 |
_aBuilding _v265(8137) 19 May 2000, 78(1) |
||
| 520 | _aConsiders that the DoE Circular on planning gain is badly in need of revision, because it outlines what should not be done but gives no guidance on what may be done. The RTPI is at present reviewing a suggestion that the so-called voluntary negotiation should be replaced by a tariff or scale approach. The basis of this approach is that each development plan would set out its requirements for the provision or renewal of infrastructure and how these requirements relate to the developments which will pay for them. In the United States this principle is known as 'rational nexus'. | ||
| 590 | _aABS | ||
| 650 | _aPLANNING GAIN | ||
| 650 | _aREFORM | ||
| 650 | _aDEVELOPMENT PLANS | ||
| 690 | _aENVIRONMENTAL AND LAND CONSULTANCY-PLANNING AND DEVELOPMENT | ||
| 942 | _n0 | ||
| 999 |
_c63698 _d63698 |
||